Hufflepuff Characters - Sudden Death - Statistics

General Stats
  • This quiz has been taken 45 times
  • The average score is 7 of 15
Answers on the Grid
Answers color-coded by a green-red scale on the quiz's grid according to % correct below.
Padma Patil
The Gray Lady
Gilderoy Lockhart
Filius Flitwick
Luna Lovegood
Cho Chang
Roger Davies
Marietta Edgecombe
Penelope Clearwater
Anthony Goldstein
Garrick Ollivander
Michael Corner
Terry Boot
Moaning Myrtle
Quirinus Quirrel
Minerva McGonagall
Hermione Granger
Seamus Finnigan
Harry Potter
Ron Weasley
Nearly Headless Nick
Sir Cadogan
Neville Longbottom
Albus Dumbledore
Arthur Weasley
Peter Pettigrew
Lee Jordan
Andrew Kirke
Ginny Weasley
Parvati Patil
Zacharias Smith
Pomona Sprout
Fat Friar
Susan Bones
Justin Finch-Fletchley
Cedric Diggory
Ernie MacMillan
Hannah Abbott
Nymphadora Tonks
Alastor "Mad Eye" Moody
Newt Scamander
Stebbins
Hengist of Woodcroft
Teddy Lupin
Helga Hufflepuff
Draco Malfoy
Millicent Bullstrode
Dolores Umbridge
Bloody Baron
Voldemort
Theodore Nott
Blaise Zabini
Horace Slughorn
Severus Snape
Marcus Flint
Alecto Carrow
Merlin
Gregory Goyle
Avery
Andromeda Tonks
 
Answer Stats
Answer % Correct
Cedric Diggory
69%
Hannah Abbott
63%
Helga Hufflepuff
63%
Newt Scamander
63%
Ernie MacMillan
50%
Fat Friar
50%
Justin Finch-Fletchley
50%
Pomona Sprout
50%
Nymphadora Tonks
44%
Susan Bones
44%
Teddy Lupin
38%
Zacharias Smith
38%
Stebbins
25%
Alastor "Mad Eye" Moody
19%
Hengist of Woodcroft
19%
No matching quizzes found
Score Distribution
Percent of People with Each Score
Percentile by Number Answered
Your Score History
You have not taken this quiz